000
00312nam a2200109Ia 4500
005
20251222152718.0
008
251222s9999||||xx |||||||||||||| ||spa||
082
_a
025.0633/C91
100
_a
Comisión Económica para América Latina y el Caribe
245
0
_a
Sistema de Información Bibliográfica:
942
_c
LIB
999
_c
29477
_d
29477